MARC

LEADER 00000nam0a2200000 4500
001 184422
005 20231031172308.0
010 |a 5704600034 
020 |a RU  |b 88-83809 
035 |a (RuTPU)RU\TPU\book\200004 
090 |a 184422 
100 |a 20100908d1990 km y0rusy5003 ca 
101 0 |a rus 
102 |a RU 
105 |a a z 001zy 
200 1 |a Лазерная диагностика потоков  |f Б. С. Ринкевичюс 
210 |a Москва  |c Изд-во МЭИ  |d 1990 
215 |a 288 с.  |c ил. 
320 |a Библиогр.: с. 273-285. 
610 1 |a потоки 
610 1 |a лазерная диагностика 
610 1 |a оптика 
610 1 |a лазерное излучение 
610 1 |a схемы 
610 1 |a лазерные доплеровские анемометры 
610 1 |a анализ 
700 1 |a Ринкевичюс  |b Б. С.  |g Бронюс Симович  |4 070 
702 1 |a Фабрикант  |b В. А.  |4 340 
801 0 |a RU  |b RuMRKP  |c 19950417  |g psbo 
801 1 |a RU  |b 63413507  |c 20100908 
801 2 |a RU  |b 63413507  |c 20110131  |g RCR 
942 |c BK